Passage to America : (Record no. 200468080)

MARC details
000 -LEADER
fixed length control field 01593cam a2200445 i 4500
001 - CONTROL NUMBER
control field 200468080
003 - CONTROL NUMBER IDENTIFIER
control field TR-AnTOB
005 - DATE AND TIME OF LATEST TRANSACTION
control field 20260413145507.0
007 - PHYSICAL DESCRIPTION FIXED FIELD--GENERAL INFORMATION
fixed length control field ta
008 - FIXED-LENGTH DATA ELEMENTS--GENERAL INFORMATION
fixed length control field 260413r19741972enkabh bs 001 0 eng d
020 ## - INTERNATIONAL STANDARD BOOK NUMBER
International Standard Book Number 014003837X
Qualifying information (paperback)
International Standard Book Number 9780140038378
International Standard Book Number 0091104009
International Standard Book Number 9780091104009
035 ## - SYSTEM CONTROL NUMBER
System control number (OCoLC)427071973
System control number (TR-AnTOB)200468080
040 ## - CATALOGING SOURCE
Original cataloging agency LGG
Language of cataloging eng
Description conventions rda
Transcribing agency LGG
Modifying agency BGZ
-- TR-AnTOB
041 0# - LANGUAGE CODE
Language code of text/sound track or separate title İngilizce
043 ## - GEOGRAPHIC AREA CODE
Geographic area code e-uk---
-- n-cn---
-- n-us---
050 #4 - LIBRARY OF CONGRESS CALL NUMBER
Classification number JV7618.N7
Item number C6546 1974
090 ## - LOCALLY ASSIGNED LC-TYPE CALL NUMBER (OCLC); LOCAL CALL NUMBER (RLIN)
Classification number (OCLC) (R) ; Classification number, CALL (RLIN) (NR) JV7618.N7
Local cutter number (OCLC) ; Book number/undivided call number, CALL (RLIN) C6546 1974
100 1# - MAIN ENTRY--PERSONAL NAME
Personal name Coleman, Terry,
Dates associated with a name 1931-
Relator term author
Relator code aut
9 (RLIN) 153602
245 10 - TITLE STATEMENT
Title Passage to America :
Remainder of title a history of emigrants from Great Britain and Ireland to America in the mid-nineteenth century /
Statement of responsibility, etc. Terry Coleman.
264 #1 - PRODUCTION, PUBLICATION, DISTRIBUTION, MANUFACTURE, AND COPYRIGHT NOTICE
Place of production, publication, distribution, manufacture Harmondsworth, Middlesex :
Name of producer, publisher, distributor, manufacturer Penguin Books,
Date of production, publication, distribution, manufacture, or copyright notice 1974.
300 ## - PHYSICAL DESCRIPTION
Extent 377 pages :
Other physical details illustrations, facsimiles, maps ;
Dimensions 18 cm
336 ## - CONTENT TYPE
Content type term text
Content type code txt
Source rdacontent
337 ## - MEDIA TYPE
Media type term unmediated
Media type code n
Source rdamedia
338 ## - CARRIER TYPE
Carrier type term volume
Carrier type code nc
Source rdacarrier
500 ## - GENERAL NOTE
General note Illus. on lining papers.
General note American ed. published under title: Going to America.
General note Reprint of 1972 edition.
504 ## - BIBLIOGRAPHY, ETC. NOTE
Bibliography, etc. note Includes bibliographical references and index.
651 #0 - SUBJECT ADDED ENTRY--GEOGRAPHIC NAME
Geographic name Great Britain
General subdivision Emigration and immigration
-- History
9 (RLIN) 153603
Geographic name Ireland
General subdivision Emigration and immigration
-- History
9 (RLIN) 153604
Geographic name Canada
General subdivision Emigration and immigration
-- History
9 (RLIN) 153605
Geographic name United States
General subdivision Emigration and immigration
-- History
9 (RLIN) 153606
942 ## - ADDED ENTRY ELEMENTS (KOHA)
Source of classification or shelving scheme Library of Congress Classification
Koha item type Book
Holdings
Withdrawn status Lost status Source of classification or shelving scheme Damaged status Not for loan Collection code Home library Current library Shelving location Date acquired Source of acquisition Inventory number Total Checkouts Full call number Barcode Date last seen Copy number Date shelved Koha item type Public note
    Library of Congress Classification Kullanılmış / Used Ödünç Verilemez-Kurumiçi kullanım / Not for loan-For inhouse use Genel Koleksiyon Tıp Fakültesi Medikal Kütüphane Tıp Fakültesi Medikal Kütüphane Genel Koleksiyon / Main Collection 18/03/2026 Bağış / Donation SUİ   JV7618.N7 C6546 1974 TıpFaK TF03061 13/04/2026 1 13/04/2026 Book Donated by Prof. Dr. Şükrü Cin
Devinim Yazılım Eğitim Danışmanlık tarafından Koha'nın orjinal sürümü uyarlanarak geliştirilip kurulmuştur.